内蒙古面积最大的11个县级行政区 11 largest counties in Inner mongolia - Statistics

General Stats
  • This quiz has been taken 35 times
  • The average score is 8 of 11
Answer Stats
面积/km² 地市排名 县区 % Correct
80412 阿拉善盟2 阿拉善左旗
100%
73443 阿拉善盟3 阿拉善右旗
100%
28958 呼伦贝尔2 额尔古纳市
93%
114606 阿拉善盟1 额济纳旗
89%
24840 呼伦贝尔4 新巴尔虎右旗
86%
27590 呼伦贝尔3 牙克石市
82%
59880 呼伦贝尔1 鄂伦春自治旗
75%
45572 锡林郭勒盟1 东乌珠穆沁旗
61%
34240 锡林郭勒盟2 苏尼特左旗
61%
24525 巴彦淖尔1 乌拉特后旗
61%
27476 锡林郭勒盟3 阿巴嘎旗
32%
No matching quizzes found
Score Distribution
Percent of People with Each Score
Percentile by Number Answered
Your Score History
You have not taken this quiz